| 000 | nam a22 7a 4500 | ||
|---|---|---|---|
| 999 |
_c234448 _d234448 |
||
| 003 | Nust | ||
| 005 | 20170321104818.0 | ||
| 008 | 170321b xxu||||| |||| 00| 0 eng d | ||
| 020 | _a81-7754-139-0 | ||
| 040 | _cASAB | ||
| 082 | _a660.6 | ||
| 100 | _aS.S. Purohit | ||
| 245 | _aBiotechnology fundamentals and applications | ||
| 250 | _afourth edition | ||
| 300 | _a1049 P | ||
| 942 |
_2ddc _cBK |
||